Pharmacology (Record no. 13461)

MARC details
000 -LEADER
fixed length control field 00421nam a22001817a 4500
003 - CONTROL NUMBER IDENTIFIER
control field OSt
008 - FIXED-LENGTH DATA ELEMENTS--GENERAL INFORMATION
fixed length control field 250426b |||||||| |||| 00| 0 eng d
020 ## - INTERNATIONAL STANDARD BOOK NUMBER
International Standard Book Number 9788125601203
082 ## - DEWEY DECIMAL CLASSIFICATION NUMBER
Classification number 615 JAP
100 ## - MAIN ENTRY--PERSONAL NAME
Personal name Jadhav, Vishal.B
245 ## - TITLE STATEMENT
Title Pharmacology
260 ## - PUBLICATION, DISTRIBUTION, ETC. (IMPRINT)
Place of publication, distribution, etc Delhi
Name of publisher, distributor, etc Tara Pub
Date of publication, distribution, etc 2024
300 ## - PHYSICAL DESCRIPTION
Extent xi,288
650 ## - SUBJECT ADDED ENTRY--TOPICAL TERM
Topical term or geographic name as entry element Pharmacology
700 ## - ADDED ENTRY--PERSONAL NAME
Personal name Patil & Pansare
700 ## - ADDED ENTRY--PERSONAL NAME
Personal name Vaghela, Jai Singh
942 ## - ADDED ENTRY ELEMENTS (KOHA)
Source of classification or shelving scheme Dewey Decimal Classification
Koha item type Text Books
Holdings
Withdrawn status Lost status Source of classification or shelving scheme Damaged status Not for loan Collection code Home library Current library Date acquired Source of acquisition Currency Cost, normal purchase price Bill Number Total Checkouts Full call number Acc. no. / Barcode Date last seen Actual Cost, discounted price Bill Date Koha item type Date last borrowed
    Dewey Decimal Classification     Diploma in Pharmacy PIET C-LIBRARY PIET C-LIBRARY 15/04/2025 Zafaa Books Distributres Rs 200.00 ZBD0027   615 JAP DP1458 26/04/2025 140.00 11/04/2025 Reference Books  
    Dewey Decimal Classification     Diploma in Pharmacy PIET C-LIBRARY PIET C-LIBRARY 15/04/2025 Zafaa Books Distributres Rs 200.00 ZBD0027 5 615 JAP DP1459 11/02/2026 140.00 11/04/2025 Text Books 03/02/2026
    Dewey Decimal Classification     Diploma in Pharmacy PIET C-LIBRARY PIET C-LIBRARY 15/04/2025 Zafaa Books Distributres Rs 200.00 ZBD0027 4 615 JAP DP1460 17/11/2025 140.00 11/04/2025 Text Books 27/10/2025

Design & Developed by: PIET Central Library
R70 Miles Stone Pattikalyana Samalkha Panipat 132102
mail ID :- [email protected], Phone No:- 0180-2569700 Ex.216